Man king of mind, body and circumstance

Bibliographic Details
Main Author: Allen, James
Format: Book
Published: Selangor : Masterpiece Publication , 2006
Subjects:

MARC

LEADER 00000cam a2200000 7i4500
001 0000017397
005 20080521.0
008 210508
020 |a 9833710379 
090 0 0 |a 152.5   |b ALL 
100 1 |a Allen, James 
245 1 0 |a Man king of mind, body and circumstance   |c James Allen 
260 |a Selangor :   |b Masterpiece Publication ,   |c 2006 
650 0 |a Conduct of life 
999 |a 0001003494   |b Book   |c Adult Collection   |e Cawangan Bandar Penawar 
999 |a 0001003495   |b Book   |c Adult Collection   |e Cawangan Bandar Penawar 
999 |a 0001003496   |b Book   |c Adult Collection   |e Perbadanan Perpustakaan Awam Johor 
999 |a 0001003498   |b Book   |c Adult Collection   |e Perbadanan Perpustakaan Awam Johor 
999 |a 0001021110   |b Book   |c Adult Collection   |e Cawangan Bandar Tenggara 
999 |a 0001021111   |b Book   |c Adult Collection   |e Cawangan Segamat